Dějiny národního podniku Svit Národní podnik Baťa 1945-1948

Gespeichert in:
Bibliographische Detailangaben
1. Verfasser: Roušar, Přemysl
Format: Buch
Sprache:Tschechisch
Veröffentlicht: Praha Práce 1967
Ausgabe:1. vyd.
Tags: Tag hinzufügen
Keine Tags, Fügen Sie das erste Tag hinzu!

MARC

LEADER 00000nam a2200000 4500
001 c026847
005 20221220101557.2
041 0 |a cze 
044 |a CZ 
245 1 0 |a Dějiny národního podniku Svit  |b Národní podnik Baťa 1945-1948  |c Přemysl Roušar 
250 |a 1. vyd. 
264 1 |a Praha  |b Práce  |c 1967 
300 |a 251 s. 
100 1 |a Roušar, Přemysl